| 000 | 00668nam a2200217Ia 4500 | ||
|---|---|---|---|
| 003 | GCL | ||
| 008 | 140319s9999 xx 000 0 ara d | ||
| 040 |
_aGCL / _cGCL |
||
| 082 | 0 | 4 |
_a811.9 _bص ا |
| 100 | 1 | _aصلاح جاهين | |
| 245 | 1 | 0 |
_aازجال صحفية / _cصلاح جاهين |
| 260 |
_aالقاهرة : _bمركز الاهرام للترجمة والنشر ، _c1987 |
||
| 300 |
_a157 ص ؛ _c20 سم |
||
| 490 | _a | ||
| 650 | 0 | 4 | _aالشعر العربى |
| 650 | 0 | 4 | _aالادب العربى |
| 650 | 0 | 4 | _aدواوين وقصائد |
| 650 | 0 | 4 | _aالزجل |
| 650 | 0 | 4 | _aالشعر العربى - العصر الحديث |
| 942 |
_2ddc _cBK |
||
| 999 |
_c31984 _d31984 |
||